1031 1086 1030 1612 1551 1776 1151 1049 1194 1817 1165 1911 1685 1316 1358 1761 1904 1053 1221 1978 1587 1560 1452 1102 1147 1478 1660 1353 1341 1798 1228 1089 1406 1066 1809 1399 1797 1133 1569 1895 1154 1029 1761 1160 1052 1801 1516 1412 1033 1550 1522 1237 1909 1568 1607 1194 1835 1577 1607 1697 1695 1939 1388 1133 1830 1263 1632 1670 1872 1018 1700 1240 1436 1130 1554 1701 1325 1459 1992 1135 1275 1171 1900 1448 1080 1250 1679 1315 1308 1157 1272 1110 1499 1310 1162 1310 1844 1345 1324 BCNSPRNW ULIB Ver.6.0+V

เปลี่ยนเป็นภาษาไทย

Change to English
 แสดงรายละเอียดบรรณานุกรม
  กลับหน้าหลัก

Brief Record : Get Marc (ISO 2709) : E-mail record : QR code < ปิดหน้าต่าง
LEADER : 00000nam 2200000uu 4500
001    13399113148
003     ULIB
008    110928s2549||||th 000 0 tha d
020    9741325533
020    9789741325535
050  4 QA76.75^bก411ก 2549
100 0  กัลยา วานิชย์บัญชา
245 10 การวิเคราะห์สถิติขั้นสูงด้วย SPSS for Windows /^cกัลยา วานิชย์บัญชา
250    พิมพ์ครั้งที่ 5
260    กรุงเทพฯ :^bกรุงเทพฯ :^bภาควิชาสถิติ คณะพาณิชยศาสตร์และการบัญชี จุฬาลงกรณ์มหาวิทยาลัย,^c2549
300    260 หน้า :^bภาพประกอบ ;^c26 ซม.
650  4 เอสพีเอสเอส (โปรแกรมคอมพิวเตอร์)
650  4 เอสพีเอสเอสสำหรับวินโดวส์
650  4 การประมวลผลข้อมูลอิเล็กทรอนิกส์
650  4 สถิติ^xการประมวลผลข้อมูล
710 2  จุฬาลงกรณ์มหาวิทยาลัย. ^bคณะพาณิชยศาสตร์และการบัญชี.^bภาควิชาสถิติ
945    ^p230^l0^i016887
945    ^p230^l0^i016890
945    ^p230^l0^i022247
945    ^p230^l0^i022248
945    ^p230^l0^i025823
945    ^p230^l0^i025824
995    ทศพร
999 ^a ทศพร
รายการนี้ยังไม่มีแท็ก
คุณยังไม่ได้ล็อกอิน คุณสามารถมีกิจกรรมร่วมกับเว็บไซต์ได้ แต่ต้องล็อกอินก่อน ::
  ล็อกอิน

รายการสื่อสารสนเทศ

ลำดับที่ ประเภท เลขเรียก/บาร์โค้ด สถานที่ สถานะ
- ไม่พบข้อมูล -

รายการใกล้เคียง
    ผู้แต่ง [กัลยา วานิชย์บัญชา]

    หัวเรื่อง [เอสพีเอสเอส (โปรแกรมคอมพิวเตอร์)]
    หัวเรื่อง [เอสพีเอสเอสสำหรับวินโดวส์]
    หัวเรื่อง [การประมวลผลข้อมูลอิเล็กทรอนิกส์]

BibComment


ยังไม่เคยถูกคอมเมนท์

คอมเมนท์ทรัพยากรรายการนี้
  คอมเมนท์: การวิเคราะห์สถิติ..


 Copyright 2026. Bcnsprnw @Library